SMALLFOOT MOVIE NOVELIZATION / (Record no. 171768)
[ view plain ]
| 000 -LEADER | |
|---|---|
| fixed length control field | 02214nam a22004811i 4500 |
| 001 - CONTROL NUMBER | |
| control field | 20716428 |
| 005 - DATE AND TIME OF LATEST TRANSACTION | |
| control field | 20190404102602.0 |
| 008 - FIXED-LENGTH DATA ELEMENTS--GENERAL INFORMATION | |
| fixed length control field | 181023s2018 nyuaf j 000 1 und d |
| 010 ## - LIBRARY OF CONGRESS CONTROL NUMBER | |
| LC control number | 2018289144 |
| 020 ## - INTERNATIONAL STANDARD BOOK NUMBER | |
| International Standard Book Number | 9781534432260 |
| Qualifying information | paperback |
| Terms of availability | RM 32.90 |
| International Standard Book Number | 1534432264 |
| Qualifying information | (paperback) |
| 035 ## - SYSTEM CONTROL NUMBER | |
| System control number | (OCoLC)on1044559548 |
| 040 ## - CATALOGING SOURCE | |
| Original cataloging agency | NCK |
| Language of cataloging | eng |
| Transcribing agency | NCK |
| Modifying agency | BDX |
| -- | OI6 |
| -- | DLC |
| -- | PPAK |
| Description conventions | rda |
| 042 ## - AUTHENTICATION CODE | |
| Authentication code | lccopycat |
| 082 04 - DEWEY DECIMAL CLASSIFICATION NUMBER | |
| Edition number | 23 |
| Classification number | 813.6 |
| 090 ## - LOCALLY ASSIGNED LC-TYPE CALL NUMBER (OCLC); LOCAL CALL NUMBER (RLIN) | |
| Classification number (OCLC) (R) ; Classification number, CALL (RLIN) (NR) | 813.6 |
| Feature heading | WES |
| Feature heading | K |
| 100 1# - MAIN ENTRY--PERSONAL NAME | |
| Personal name | West, Tracey, |
| Dates associated with a name | 1965- |
| Relator term | adaptor. |
| 245 10 - TITLE STATEMENT | |
| Title | SMALLFOOT MOVIE NOVELIZATION / |
| Statement of responsibility, etc. | Adapted by Tracey West. |
| 250 ## - EDITION STATEMENT | |
| Edition statement | First Simon Spotlight paperback edition. |
| 264 #1 - PRODUCTION, PUBLICATION, DISTRIBUTION, MANUFACTURE, AND COPYRIGHT NOTICE | |
| Place of production, publication, distribution, manufacture | New York : |
| Name of producer, publisher, distributor, manufacturer | Simon Spotlight, |
| Date of production, publication, distribution, manufacture, or copyright notice | 2018. |
| 300 ## - PHYSICAL DESCRIPTION | |
| Extent | 140 pages, 8 unnumbered leaves of plates, : |
| Other physical details | illustrations ; |
| Dimensions | 20 cm |
| 336 ## - CONTENT TYPE | |
| Content type term | text |
| Content type code | txt |
| Source | rdacontent |
| 337 ## - MEDIA TYPE | |
| Media type term | unmediated |
| Media type code | n |
| Source | rdamedia |
| 338 ## - CARRIER TYPE | |
| Carrier type term | volume |
| Carrier type code | nc |
| Source | rdacarrier |
| 520 ## - SUMMARY, ETC. | |
| Summary, etc. | Smallfoot turns a legend upside down when a bright young Yeti finds something he thought didn't exist--a human! News of this "Smallfoot" throws the Yeti community into an uproar over what else might be out there in the big world beyond their snowy village. Smallfoot is an all-new animated story about friendship, courage, and the joy of discovery. Fans of the movie will love reading this hilarious retelling with a full-color insert, including stills from the film.-- |
| Assigning source | Amazon |
| 600 00 - SUBJECT ADDED ENTRY--PERSONAL NAME | |
| Personal name | Smallfoot (fictitious character) |
| Form subdivision | Juvenile fiction. |
| 650 #0 - SUBJECT ADDED ENTRY--TOPICAL TERM | |
| Topical term or geographic name entry element | Courage |
| Form subdivision | Fiction. |
| Topical term or geographic name entry element | Friendship |
| Form subdivision | Fiction. |
| Topical term or geographic name entry element | Smallfoot (fictitious character) |
| Form subdivision | Juvenile fiction. |
| Topical term or geographic name entry element | Yeti |
| Form subdivision | Fiction. |
| Topical term or geographic name entry element | Film novelizations |
| Form subdivision | Juvenile fiction. |
| Topical term or geographic name entry element | Yeti |
| Form subdivision | Juvenile fiction. |
| Topical term or geographic name entry element | Courage |
| Form subdivision | Juvenile fiction. |
| Topical term or geographic name entry element | Friendship |
| Form subdivision | Juvenile ficiton. |
| Topical term or geographic name entry element | Film novelizations. |
| Source of heading or term | fast |
| Authority record control number or standard number | (OCoLC)fst00924276 |
| 655 #7 - INDEX TERM--GENRE/FORM | |
| Genre/form data or focus term | Fiction. |
| Source of term | fast |
| Authority record control number | (OCoLC)fst01423787 |
| Genre/form data or focus term | Juvenile works. |
| Source of term | fast |
| Authority record control number | (OCoLC)fst01411637 |
| Genre/form data or focus term | Novelizations. |
| Source of term | lcgft |
| 730 0# - ADDED ENTRY--UNIFORM TITLE | |
| Uniform title | Smallfoot (Motion picture) |
| Relationship information | Adaptation of (expression): |
| 906 ## - LOCAL DATA ELEMENT F, LDF (RLIN) | |
| a | 0 |
| b | ibc |
| c | copycat |
| d | 2 |
| e | ncip |
| f | 20 |
| g | y-gencatlg |
| 942 ## - ADDED ENTRY ELEMENTS (KOHA) | |
| Source of classification or shelving scheme | Dewey Decimal Classification |
| Koha item type | Book |
| Withdrawn | Not for loan | Current library | Shelving location | Date acquired | Total Checkouts | Total Renewals | Full call number | Barcode | Date last seen | Date last checked out | Koha item type | Checked out |
|---|---|---|---|---|---|---|---|---|---|---|---|---|
| Perpustakaan Alor Setar | Pinjaman Kanak-kanak | 04/04/2019 | 6 | 1 | K 813.6 WES | A01596893 | 08/03/2022 | 26/01/2022 | Book | |||
| Perpustakaan Alor Setar | Pinjaman Kanak-kanak | 04/04/2019 | 1 | K 813.6 WES | A01596894 | 19/12/2020 | 28/11/2020 | Book | ||||
| Perpustakaan Awam Sungai Petani | Pinjaman Kanak-kanak | 04/04/2019 | 5 | 1 | K 813.6 WES | A01596895 | 07/01/2026 | 17/12/2025 | Book | |||
| Perpustakaan Baling | Pinjaman Kanak-kanak | 04/04/2019 | 4 | K 813.6 WES | A01596899 | 11/04/2026 | 11/04/2026 | Book | 02/05/2026 | |||
| Perpustakaan Jitra | Pinjaman Kanak-kanak | 04/04/2019 | 5 | K 813.6 WES | A01596896 | 25/02/2023 | 04/02/2023 | Book | ||||
| Perpustakaan Kulim | Pinjaman Kanak-kanak | 04/04/2019 | 2 | K 813.6 WES | A01596898 | 21/12/2019 | 16/12/2019 | Book | ||||
| Perpustakaan Langkawi | Pinjaman Kanak-kanak | 04/04/2019 | 1 | K 813.6 WES | A01596897 | 20/04/2022 | 10/03/2022 | Book |